| 000 | 005220000a22001930004500 | ||
|---|---|---|---|
| 999 |
_c48684 _d48684 |
||
| 001 | 1524 | ||
| 003 | CO-MdFUSB | ||
| 005 | 20171017151025.0 | ||
| 008 | 171017b xxu||||| |||| 00| 0 eng d | ||
| 020 | _a978-958-30-1576-2 | ||
| 040 | _cCO-MdBIC | ||
| 082 | 0 | 4 | _a868LM Si38m |
| 100 | 1 | _aSilva Vallejo, Fabio | |
| 245 | 1 | 0 | _aMitos y leyendas del mundo / compilación y adaptación de Fabio Silva Vallejo |
| 260 | _aBogotá : Panamericana Editorial | ||
| 300 | _a216 P. | ||
| 650 | 1 | 4 | _aCuentos infantiles |
| 942 | _cLGB | ||